[Event "GER-ch Net blitz qual3"]
[Site "Playchess.com INT"]
[Date "2021.05.07"]
[Round "10"]
[White "Meissner, Steffen"]
[Black "Jaboby, Angelina"]
[Result "0-1"]
[WhiteElo "1617"]
[BlackElo "1620"]
[PlyCount "94"]
[EventDate "2021.05.07"]
[EventType "swiss (blitz)"]
[EventRounds "11"]
[EventCountry "GER"]
[SourceTitle "CBM 202 Extra"]
[Source "ChessBase"]
[SourceDate "2021.07.31"]
[SourceVersion "1"]
[SourceVersionDate "2021.07.31"]
[SourceQuality "1"]

1. e4 d5 2. exd5 Qxd5 3. Nc3 Qd8 4. Nf3 Bg4 5. Be2 Nf6 6. 0-0 e6 7. h3 Bxf3 8. Bxf3 c6 9. d4 Nbd7 10. Bg5 Be7 11. Re1 0-0 12. Qd2 Nd5 13. Bxe7 Nxe7 14. Rad1 Nf6 15. Ne2 Qb6 16. c4 Rfd8 17. Qc3 c5 18. b3 Rd7 19. dxc5 Qxc5 20. Rxd7 Nxd7 21. Bxb7 Rb8 22. Bf3 Rb6 23. Ng3 Ra6 24. b4 Qc7 25. a3 Ng6 26. Nh5 Nde5 27. Be4 Qxc4 28. Qxc4 Nxc4 29. Bd3 Rc6 30. b5 Rc8 31. Rc1 Nb6 32. Rxc8+ Nxc8 33. a4 Nb6 34. a5 Nd5 35. Ng3 Ne5 36. Be4 Kf8 37. Bxd5 exd5 38. Kh1 g6 39. Ne2 Nc4 40. a6 Ke7 41. Nd4 Kd6 42. f4 Kc5 43. b6 Kxb6 44. g4 Kxa6 45. h4 Kb6 46. f5 a5 47. fxg6 fxg6 0-1

[Event "GER-ch Net blitz qual1"]
[Site "Playchess.com INT"]
[Date "2021.04.24"]
[Round "6"]
[White "Meissner, Steffen"]
[Black "Moewisch, Dave"]
[Result "0-1"]
[WhiteElo "1629"]
[BlackElo "1855"]
[PlyCount "72"]
[EventDate "2021.04.24"]
[EventType "swiss (blitz)"]
[EventRounds "11"]
[EventCountry "GER"]
[SourceTitle "CBM 202 Extra"]
[Source "ChessBase"]
[SourceDate "2021.07.31"]
[SourceVersion "1"]
[SourceVersionDate "2021.07.31"]
[SourceQuality "1"]

1. e4 c6 2. d4 d5 3. e5 Bf5 4. Nc3 e6 5. g4 Bg6 6. Nge2 h5 7. Nf4 Bh7 8. Nxh5 c5 9. Be3 Nc6 10. Bb5 Qb6 11. dxc5 Bxc5 12. Bxc5 Qxc5 13. Nxg7+ Kf8 14. Bxc6 Kxg7 15. Ba4 d4 16. Nb5 a6 17. Nxd4 Qxe5+ 18. Kf1 Nf6 19. Nf3 Qf4 20. g5 Nd5 21. Qd4+ Qxd4 22. Nxd4 Be4 23. f3 Bg6 24. Kf2 Rac8 25. c3 Nf4 26. Ke3 Nd5+ 27. Kf2 Rh3 28. Bc2 Bh5 29. Rag1 e5 30. Nf5+ Kf8 31. Rg3 Nf4 32. Nd6 Rd8 33. Ne4 Bg6 34. Bb1 Bxe4 35. fxe4 Rd2+ 36. Kf3 Rh8 0-1

[Event "GER-ch Net Amateur Gr-B Vor2"]
[Site "Playchess.com INT"]
[Date "2020.04.15"]
[Round "9"]
[White "Sommer, Justus"]
[Black "Meissner, Steffen"]
[Result "1-0"]
[WhiteElo "1704"]
[BlackElo "1641"]
[PlyCount "59"]
[EventDate "2020.04.15"]
[EventType "swiss (blitz)"]
[EventRounds "9"]
[EventCountry "GER"]
[SourceTitle "CBM 196 Extra"]
[Source "ChessBase"]
[SourceDate "2020.07.31"]
[SourceVersion "1"]
[SourceVersionDate "2020.07.31"]
[SourceQuality "1"]

1. e4 c5 2. Nf3 Nc6 3. Bb5 e6 4. Bxc6 bxc6 5. 0-0 Ne7 6. d3 Ng6 7. Nc3 Be7 8. Rb1 0-0 9. b3 d6 10. Re1 Bd7 11. e5 Qc7 12. exd6 Bxd6 13. Ne4 Be7 14. Be3 Qa5 15. Nfd2 Qxa2 16. Ra1 Qb2 17. Nc4 Qf6 18. Nxf6+ Bxf6 19. Bxc5 Bxa1 20. Bxf8 Bc3 21. Ba3 Bxe1 22. Qxe1 Nf4 23. g3 Nd5 24. Ne5 Be8 25. Bb2 a5 26. Nc4 a4 27. bxa4 Rxa4 28. Qe5 Nf6 29. Qb8 c5 30. Bxf6 1-0

[Event "Oberliga Ost-B 1516"]
[Site "Germany"]
[Date "2016.04.09"]
[Round "10.7"]
[White "Voropaev, Gleb"]
[Black "Meissner, Steffen"]
[Result "1-0"]
[WhiteElo "2245"]
[BlackElo "2008"]
[PlyCount "53"]
[EventDate "2015.09.20"]
[EventType "team-tourn"]
[EventRounds "11"]
[EventCountry "GER"]
[SourceTitle "EXT 2017"]
[Source "ChessBase"]
[SourceDate "2016.10.25"]
[SourceVersion "1"]
[SourceVersionDate "2016.10.25"]
[SourceQuality "1"]
[WhiteTeam "Heusenstamm"]
[BlackTeam "Liebschwitz"]
[WhiteTeamCountry "GER"]
[BlackTeamCountry "GER"]

1. e4 c5 2. Nf3 Nc6 3. Bb5 e6 4. 0-0 Nge7 5. Re1 a6 6. Bf1 d6 7. c3 Ng6 8. d4 cxd4 9. cxd4 Be7 10. Nc3 0-0 11. Be3 Nb8 12. a3 b5 13. Rc1 Bb7 14. Bd3 Nd7 15. a4 b4 16. Nb1 a5 17. Nbd2 Nf6 18. h3 d5 19. e5 Ne4 20. Qc2 Nxd2 21. Nxd2 Rc8 22. Qb1 Bg5 23. Rxc8 Bxc8 24. Nf3 Bxe3 25. fxe3 Bd7 26. b3 Qb8 27. Ng5 1-0

[Event "GER T101-C39-S email"]
[Site "GER email"]
[Date "2010.10.24"]
[Round "?"]
[White "Baumgartner, Mike"]
[Black "Meissner, Steffen"]
[Result "1/2-1/2"]
[WhiteElo "2271"]
[BlackElo "1927"]
[PlyCount "78"]
[EventDate "2010.11.02"]
[EventType "tourn (corr)"]
[EventRounds "8"]
[EventCountry "GER"]
[SourceTitle "Corr 2015"]
[Source "ChessBase"]
[SourceDate "2015.07.17"]
[SourceVersion "1"]
[SourceVersionDate "2015.07.17"]
[SourceQuality "1"]
[WhiteTeam "Germany"]
[BlackTeam "Latvia"]
[WhiteTeamCountry "GER"]
[BlackTeamCountry "LAT"]

1. e4 e5 2. f4 exf4 3. Bc4 Qh4+ 4. Kf1 d6 5. Nc3 Be6 6. Nd5 Bxd5 7. Bxd5 c6 8. Bb3 Nd7 9. d4 0-0-0 10. Qf3 Qf6 11. Ne2 g5 12. h4 h6 13. a4 Re8 14. a5 Bg7 15. a6 b6 16. Ra4 Ne7 17. Bd2 Kb8 18. Ke1 Rhf8 19. Kd1 Ng6 20. h5 Nh4 21. Rxh4 gxh4 22. Rc4 Rc8 23. Ba4 Ne5 24. dxe5 dxe5 25. Rc3 Rfd8 26. Rd3 Bf8 27. Bb3 Bc5 28. Kc1 Rd6 29. Rxd6 Bxd6 30. Kb1 Rg8 31. Be1 Kc7 32. Nc1 Rg7 33. Bc4 Qg5 34. Qc3 Kd7 35. Bf1 Qxh5 36. Be2 Qg5 37. Qh3+ Kc7 38. Bf3 Be7 39. Nd3 Rg8 1/2-1/2

[Event "GER T101-C39-S email"]
[Site "GER email"]
[Date "2010.10.24"]
[Round "?"]
[White "Hebel, Erich"]
[Black "Meissner, Steffen"]
[Result "0-1"]
[WhiteElo "1856"]
[BlackElo "1927"]
[PlyCount "60"]
[EventDate "2010.11.02"]
[EventType "tourn (corr)"]
[EventRounds "8"]
[EventCountry "GER"]
[SourceTitle "Corr 2015"]
[Source "ChessBase"]
[SourceDate "2015.07.17"]
[SourceVersion "1"]
[SourceVersionDate "2015.07.17"]
[SourceQuality "1"]
[WhiteTeam "Germany"]
[BlackTeam "Latvia"]
[WhiteTeamCountry "GER"]
[BlackTeamCountry "LAT"]

1. e4 e5 2. f4 exf4 3. Nf3 d6 4. Bc4 h6 5. d4 g5 6. c3 Bg7 7. 0-0 Nc6 8. Qa4 Bd7 9. Qb3 Na5 10. Bxf7+ Kf8 11. Qa3 Kxf7 12. Qxa5 c5 13. Qa3 Qc7 14. Qb3+ Kg6 15. Na3 Re8 16. Re1 Ne7 17. Bd2 a6 18. e5 b5 19. c4 Nf5 20. Qd3 dxe5 21. cxb5 axb5 22. dxe5 c4 23. Qc2 Qc5+ 24. Kh1 Rhf8 25. Bc3 g4 26. Red1 Bc6 27. Nh4+ Kg5 28. Nxf5 Rxf5 29. b4 Qe3 30. Re1 Qb6 0-1

[Event "GER T92-E94-S email"]
[Site "GER email"]
[Date "2010.09.02"]
[Round "?"]
[White "Meissner, Steffen"]
[Black "Ruether, Rudolf"]
[Result "0-1"]
[WhiteElo "1927"]
[BlackElo "1953"]
[PlyCount "86"]
[EventDate "2010.09.08"]
[EventType "tourn (corr)"]
[EventRounds "8"]
[EventCountry "GER"]
[SourceTitle "Corr 2015"]
[Source "ChessBase"]
[SourceDate "2015.07.17"]
[SourceVersion "1"]
[SourceVersionDate "2015.07.17"]
[SourceQuality "1"]
[WhiteTeam "Germany"]
[BlackTeam "Latvia"]
[WhiteTeamCountry "GER"]
[BlackTeamCountry "LAT"]

1. d4 Nf6 2. c4 g6 3. Nc3 Bg7 4. e4 d6 5. Nf3 0-0 6. Be2 e5 7. 0-0 Nh5 8. g3 Bg4 9. Bg5 Qd7 10. dxe5 dxe5 11. Qxd7 Nxd7 12. Kg2 c6 13. h3 Bxf3+ 14. Bxf3 Nhf6 15. Be3 Rfd8 16. b4 Nf8 17. Rad1 Ne6 18. Rxd8+ Rxd8 19. Rd1 Rxd1 20. Bxd1 a5 21. a3 axb4 22. axb4 Nd4 23. c5 Kf8 24. f3 Nd7 25. Kf2 Ke7 26. Ne2 Nxe2 27. Bxe2 Nf8 28. h4 Ne6 29. Bc1 Nd4 30. Bd3 h6 31. Bb2 Ne6 32. Bc4 f5 33. exf5 gxf5 34. Bc1 Nd4 35. h5 Kd7 36. Bf7 Nc2 37. Bd2 Nd4 38. Bg6 Ke6 39. g4 f4 40. Be4 Bf6 41. Bc3 Bh4+ 42. Kf1 Kd7 43. Bf5+ Kc7 0-1

[Event "GER T90-C89-S email"]
[Site "GER email"]
[Date "2010.06.21"]
[Round "?"]
[White "Meissner, Steffen"]
[Black "Schwerteck, Michael"]
[Result "1/2-1/2"]
[WhiteElo "1927"]
[BlackElo "2041"]
[PlyCount "82"]
[EventDate "2010.06.28"]
[EventType "tourn (corr)"]
[EventRounds "8"]
[EventCountry "GER"]
[SourceTitle "Corr 2013"]
[Source "ChessBase"]
[SourceDate "2012.11.12"]
[SourceVersion "1"]
[SourceVersionDate "2012.11.12"]
[SourceQuality "1"]

1. e4 e5 2. Nf3 Nc6 3. Bb5 a6 4. Ba4 Nf6 5. 0-0 Be7 6. Re1 b5 7. Bb3 0-0 8. c3 d5 9. exd5 Nxd5 10. Nxe5 Nxe5 11. Rxe5 c6 12. d4 Bd6 13. Re1 Qh4 14. g3 Qh3 15. Re4 g5 16. Qf3 Bf5 17. Bxd5 cxd5 18. Re3 Be4 19. Rxe4 dxe4 20. Qf6 Qg4 21. Qxg5+ Qxg5 22. Bxg5 f5 23. Nd2 Rae8 24. Re1 Kf7 25. Kf1 Kg6 26. Be3 f4 27. gxf4 Bxf4 28. h3 Kf5 29. Bxf4 Kxf4 30. Re3 Rf6 31. Nb3 a5 32. Nxa5 Kg5 33. Ke1 Ra8 34. Nb3 Rxa2 35. Nd2 Re6 36. b3 Kf4 37. c4 bxc4 38. bxc4 Kf5 39. Nf1 Rb6 40. Ng3+ Kg6 41. Kf1 Rb4 1/2-1/2

[Event "GER T90-C89-S email"]
[Site "GER email"]
[Date "2010.06.21"]
[Round "?"]
[White "Schwerteck, Michael"]
[Black "Meissner, Steffen"]
[Result "1/2-1/2"]
[WhiteElo "2041"]
[BlackElo "1927"]
[PlyCount "81"]
[EventDate "2010.06.28"]
[EventType "tourn (corr)"]
[EventRounds "8"]
[EventCountry "GER"]
[SourceTitle "Corr 2013"]
[Source "ChessBase"]
[SourceDate "2012.11.12"]
[SourceVersion "1"]
[SourceVersionDate "2012.11.12"]
[SourceQuality "1"]

1. e4 e5 2. Nf3 Nc6 3. Bb5 a6 4. Ba4 Nf6 5. 0-0 Be7 6. Re1 b5 7. Bb3 0-0 8. c3 d5 9. exd5 Nxd5 10. Nxe5 Nxe5 11. Rxe5 c6 12. d4 Bd6 13. Re1 Qh4 14. g3 Qh3 15. Re4 g5 16. Qf1 Qxf1+ 17. Kxf1 Bf5 18. Nd2 h6 19. Re1 Rae8 20. Nf3 a5 21. a4 b4 22. c4 Bh3+ 23. Kg1 Rxe1+ 24. Nxe1 Ne7 25. c5 Bc7 26. Be3 Rd8 27. Nf3 Nf5 28. Rd1 Re8 29. Rd3 Kf8 30. d5 cxd5 31. Bxd5 Nxe3 32. fxe3 Bf5 33. Rd2 Rxe3 34. Kf2 Rd3 35. Rxd3 Bxd3 36. Nd4 Be5 37. Ke3 Bf1 38. b3 Bh3 39. Be4 f6 40. Nc6 Bc7 41. Nd4 1/2-1/2

[Event "GER MS-091 email"]
[Site "GER email"]
[Date "2010.01.02"]
[Round "?"]
[White "Fabig, Holger"]
[Black "Meissner, Steffen"]
[Result "1/2-1/2"]
[WhiteElo "2060"]
[BlackElo "1927"]
[PlyCount "113"]
[EventDate "2010.01.11"]
[EventType "tourn (corr)"]
[EventRounds "6"]
[EventCountry "GER"]
[SourceTitle "Corr 2015"]
[Source "ChessBase"]
[SourceDate "2015.07.17"]
[SourceVersion "1"]
[SourceVersionDate "2015.07.17"]
[SourceQuality "1"]
[WhiteTeam "Germany"]
[BlackTeam "Latvia"]
[WhiteTeamCountry "GER"]
[BlackTeamCountry "LAT"]

1. e4 c5 2. Nf3 Nc6 3. d4 cxd4 4. Nxd4 Nf6 5. Nc3 e5 6. Ndb5 d6 7. Bg5 a6 8. Na3 b5 9. Bxf6 gxf6 10. Nd5 Bg7 11. Bd3 Ne7 12. Nxe7 Qxe7 13. c3 0-0 14. Nc2 f5 15. 0-0 Rb8 16. exf5 e4 17. Re1 Bxf5 18. Ne3 Bg6 19. Nd5 Qe5 20. Bc2 a5 21. f4 Qe6 22. a4 bxa4 23. Rxa4 f5 24. b3 Kh8 25. Rxa5 Qc8 26. Qd2 Ra8 27. Rxa8 Qc5+ 28. Kh1 Rxa8 29. c4 Ra2 30. h3 h6 31. Kh2 Bf7 32. Ne3 h5 33. b4 Qd4 34. Qxd4 Bxd4 35. Nxf5 Bc3 36. Bb1 Rb2 37. Rd1 e3 38. Nxe3 Bd2 39. Rxd2 Rxd2 40. c5 dxc5 41. bxc5 Re2 42. Nf5 Bd5 43. Nh4 Kg7 44. Kg3 Bc6 45. Bg6 Kh6 46. Bf7 Be4 47. Be8 Rc2 48. c6 Rc5 49. Kf2 Bxc6 50. Bxc6 Rxc6 51. Nf5+ Kh7 52. g4 Rc3 53. Ne3 Kg6 54. Kf3 Ra3 55. Ke4 Ra4+ 56. Ke5 Ra3 57. gxh5+ 1/2-1/2

[Event "GER HS-034 email"]
[Site "GER email"]
[Date "2008.01.10"]
[Round "?"]
[White "Krause, Peter"]
[Black "Meissner, Steffen"]
[Result "1/2-1/2"]
[WhiteElo "2492"]
[BlackElo "2110"]
[PlyCount "97"]
[EventDate "2008.??.??"]
[EventType "tourn (corr)"]
[EventRounds "6"]
[EventCountry "GER"]
[SourceTitle "Corr 2011"]
[Source "ChessBase"]
[SourceDate "2010.08.31"]
[SourceVersion "1"]
[SourceVersionDate "2010.08.31"]
[SourceQuality "1"]

1. e4 c5 2. Nf3 Nc6 3. d4 cxd4 4. Nxd4 Nf6 5. Nc3 e5 6. Ndb5 d6 7. Bg5 a6 8. Na3 b5 9. Bxf6 gxf6 10. Nd5 f5 11. Bd3 Be6 12. 0-0 Bxd5 13. exd5 Ne7 14. Nxb5 Bg7 15. Nc3 e4 16. Be2 0-0 17. Qd2 Ng6 18. a4 Re8 19. a5 f4 20. Ra4 f5 21. Kh1 Kh8 22. f3 e3 23. Qd3 Qg5 24. Rb4 Rg8 25. Rg1 Ne5 26. Qd1 Nd7 27. Rb7 Nc5 28. Rb6 Be5 29. Qe1 Qf6 30. Qf1 Rg6 31. Rb4 Rh6 32. h3 Qf7 33. Rb6 Rg8 34. Bxa6 Nxa6 35. Rxa6 Bxc3 36. bxc3 Qxd5 37. c4 Qd4 38. Qa1 Qxa1 39. Rxa1 Rhg6 40. g4 h5 41. Kg2 hxg4 42. hxg4 Rc8 43. c3 fxg4 44. fxg4 Kg7 45. Kf3 Re6 46. Rb6 e2 47. Rbb1 Rxc4 48. Rc1 e1Q 49. Rxe1 1/2-1/2

[Event "GER HS-034 email"]
[Site "GER email"]
[Date "2008.01.10"]
[Round "?"]
[White "Meissner, Steffen"]
[Black "Frenzel, Lothar"]
[Result "1-0"]
[WhiteElo "2110"]
[BlackElo "2070"]
[PlyCount "89"]
[EventDate "2008.??.??"]
[EventType "tourn (corr)"]
[EventRounds "6"]
[EventCountry "GER"]
[SourceTitle "Corr 2011"]
[Source "ChessBase"]
[SourceDate "2010.08.31"]
[SourceVersion "1"]
[SourceVersionDate "2010.08.31"]
[SourceQuality "1"]

1. e4 c5 2. Nf3 d6 3. d4 cxd4 4. Nxd4 Nf6 5. Nc3 e6 6. g4 Nc6 7. g5 Nd7 8. Be3 Be7 9. h4 a6 10. Rg1 Na5 11. f4 Nb6 12. Bf2 Nac4 13. b3 Na3 14. Qd2 Qc7 15. 0-0-0 Bd7 16. Kb2 Rc8 17. Rg3 d5 18. exd5 Bb4 19. d6 Qd8 20. Nf5 exf5 21. Bxb6 Qxb6 22. Qe2+ Kf8 23. Qe7+ Kg8 24. Qxd7 Qc5 25. Qxc8+ Qxc8 26. d7 Qd8 27. Re3 g6 28. Re8+ Kg7 29. Rxd8 Rxd8 30. Bg2 Nb5 31. Nxb5 axb5 32. Bxb7 Bc5 33. Bc6 b4 34. Re1 f6 35. Re8 Bb6 36. c3 fxg5 37. hxg5 bxc3+ 38. Kxc3 h6 39. gxh6+ Kxh6 40. b4 Kh5 41. a4 Kg4 42. a5 Bc7 43. Rxd8 Bxd8 44. a6 Bb6 45. a7 1-0

[Event "Oberliga Ost-A 0506"]
[Site "Germany"]
[Date "2006.02.19"]
[Round "8.8"]
[White "Schwenke, Markus"]
[Black "Meissner, Steffen"]
[Result "1/2-1/2"]
[WhiteElo "2096"]
[BlackElo "1991"]
[PlyCount "102"]
[EventDate "2005.11.13"]
[EventType "team-tourn"]
[EventRounds "11"]
[EventCountry "GER"]
[SourceTitle "EXT 2007"]
[Source "ChessBase"]
[SourceDate "2006.11.23"]
[SourceVersion "1"]
[SourceVersionDate "2006.11.23"]
[SourceQuality "1"]
[WhiteTeam "Magdeburg Aufbau Elbe"]
[BlackTeam "Liebschwitz"]
[WhiteTeamCountry "GER"]
[BlackTeamCountry "GER"]

1. d4 g6 2. b3 Bg7 3. Bb2 c5 4. e3 Nc6 5. Nf3 d5 6. c3 cxd4 7. cxd4 Nf6 8. Nbd2 0-0 9. Rc1 a6 10. Bd3 Re8 11. 0-0 Bg4 12. h3 Bxf3 13. Nxf3 Rc8 14. Qe2 Nd7 15. Rfd1 e5 16. dxe5 Ndxe5 17. Nxe5 Nxe5 18. Rxc8 Qxc8 19. Bb1 Qe6 20. Qd2 Re7 21. Bxe5 Bxe5 22. Qxd5 Qxd5 23. Rxd5 Bc7 24. Bd3 Kf8 25. Be2 Re5 26. Rd7 Re7 27. Rd1 Ba5 28. Bf3 Ke8 29. Kf1 Rc7 30. Be4 Bb4 31. Ke2 b6 32. g4 h6 33. Bd3 a5 34. Bc4 Ke7 35. e4 f6 36. h4 g5 37. hxg5 hxg5 38. Rh1 Kd6 39. Rh8 Ke5 40. Re8+ Re7 41. Rb8 Bc5 42. Kf3 Rd7 43. Re8+ Re7 44. Rd8 Bd6 45. Rh8 Bc5 46. Bb5 Bb4 47. a4 Rc7 48. Bc4 Bc5 49. Re8+ Re7 50. Rd8 Bd6 51. Rh8 Bc5 1/2-1/2

[Event "Oberliga Ost-A 0405"]
[Site "Germany"]
[Date "2004.11.13"]
[Round "2.8"]
[White "Pichler, Manfred"]
[Black "Meissner, Steffen"]
[Result "1/2-1/2"]
[WhiteElo "2120"]
[BlackElo "1986"]
[PlyCount "33"]
[EventDate "2004.10.10"]
[EventType "team-tourn"]
[EventRounds "11"]
[EventCountry "GER"]
[SourceTitle "EXT 2006"]
[Source "ChessBase"]
[SourceDate "2005.11.24"]
[SourceVersion "1"]
[SourceVersionDate "2005.11.24"]
[SourceQuality "1"]
[WhiteTeam "Halle USV"]
[BlackTeam "Liebschwitz"]
[WhiteTeamCountry "GER"]
[BlackTeamCountry "GER"]

1. e4 c5 2. Nf3 Nc6 3. Bb5 e6 4. Bxc6 bxc6 5. 0-0 Ne7 6. Re1 Ng6 7. b3 Be7 8. Bb2 0-0 9. d3 d5 10. Nbd2 Rb8 11. Qe2 Ba6 12. Rad1 Qc7 13. e5 Qa5 14. a4 Qb4 15. c4 Rfd8 16. Qe3 Rd7 17. Rb1 1/2-1/2